00422nam a2200157Ia 4500003000400000008004100004040001600045082001800061100001800079245005200097700002100149260006100170300001000231650001000241650001300251GCL140319s9999 xx 000 0 eng d aGCL / cGCL04a796.3578bK S1 aKNEER, MARIAN10aSOFTBALL: SLOW AND FAST PITCH / cKNEER, MARIAN1 aMC CARD, CHARLES a[S.N] : bW C B BROUN AND BENCHMSRK PUBBISHERS ، c1995 a147 P04aGAMES04aSOFTBALL